2024 Los Angeles Dodgers Roster - Statistics

General Stats
  • This quiz has been taken 259 times
  • The average score is 27 of 66
Answer Stats
Position Answer % Correct
DH Shohei Ohtani
97%
1B Freddie Freeman
93%
RF Mookie Betts
93%
Manager Dave Roberts
90%
LF Teoscar Hernandez
89%
3B Enrique Hernandez
87%
Catcher Will Smith
85%
Pitcher Elieser Hernandez
83%
3B Max Muncy
81%
SS Tommy Edman
80%
Pitcher Clayton Kershaw
79%
Pitcher Yoshinobo Yamamoto
77%
SS Miguel Rojas
70%
2B Gavin Lux
68%
LF Chris Taylor
65%
Pitcher Walker Buehler
65%
Catcher Austin Barnes
64%
Pitcher Tyler Glasnow
64%
Pitcher Blake Treinen
62%
CF Andy Pages
61%
Pitcher Alex Vesia
57%
Pitcher Jack Flaherty
55%
CF James Outman
55%
Pitcher Brusdar Graterol
50%
Pitcher Anthony Banda
48%
Pitcher Michael Kopech
48%
Pitcher Evan Phillips
46%
RF Jason Heyward
45%
Pitcher Brent Honeywell
39%
Pitcher Landon Knack
39%
LF Miguel Vargas
38%
Pitching Coach Mark Prior
37%
Pitcher Daniel Hudson
34%
3rd Base Coach Dino Ebel
34%
Pitcher Gavin Stone
33%
Pitcher Bobby Miller
32%
CF Kevin Kiermaier
30%
Pitcher Ryan Brasier
30%
Pitcher Ben Casparius
28%
Pitcher Joe Kelly
28%
Pitcher River Ryan
28%
Catcher Hunter Feduccia
26%
Pitcher Michael Grove
22%
2B Cavan Biggio
21%
Pitcher Edgardo Henriquez
20%
Pitcher Justin Wrobleski
19%
SS Nick Ahmed
19%
2B Amed Rosario
17%
1st Base Coach Clayton McCullough
17%
Pitcher Kyle Hurt
17%
Pitcher James Paxton
15%
Pitcher Nick Ramirez
12%
Pitcher Ryan Yarbrough
12%
LF Taylor Trammell
12%
Pitcher Yohan Ramirez
12%
Pitcher Dinelson Lamet
10%
Hitting Coach Robert Van Scoyoc
10%
Hitting Coach Aaron Bates
8%
Pitcher Connor Brogdon
8%
Pitcher Michael Petersen
7%
Pitcher Eduardo Salazar
6%
Pitcher Gus Varland
6%
Pitcher Nabil Crismatt
6%
Pitcher Ricky Vanasco
6%
Pitcher Zach Logue
6%
Pitcher J.P. Feyereisen
5%
No matching quizzes found
Score Distribution
Percent of People with Each Score
Percentile by Number Answered
Your Score History
You have not taken this quiz